Existir en la Iglesia (Record no. 61559)

MARC details
000 -LEADER
campo de control de longitud fija 00472nam a2200157 i 4500
001 - NÚMERO DE CONTROL
campo de control 61559
003 - IDENTIFICADOR DE NÚMERO DE CONTROL
campo de control ES-MaACL
005 - FECHA Y HORA DE LA ÚLTIMA TRANSACCIÓN
campo de control 20230906164503.0
007 - CAMPO FIJO DE DESCRIPCIÓN FÍSICA--INFORMACIÓN GENERAL
campo de control de longitud fija t|
008 - DATOS DE LONGITUD FIJA--INFORMACIÓN GENERAL
campo de control de longitud fija 031112s1970 sp ||||1| spa d
245 00 - MENCIÓN DEL TÍTULO
Título Existir en la Iglesia
Resto del título : programa de trabajo 1970 /
Mención de responsabilidad, etc. versión, Francisco Alzola.
260 ## - PUBLICACIÓN, DISTRIBUCIÓN, ETC.
Lugar de publicación, distribución, etc. Olite :
Nombre del editor, distribuidor, etc. [s.n.,
Fecha de publicación, distribución, etc. 1970] (
Lugar de fabricación/manufactura Vitoria :
Fabricante Esset)
300 ## - DESCRIPCIÓN FÍSICA
Extensión 67 p. ;
Dimensiones 17 cm.
700 1# - ENTRADA AGREGADA--NOMBRE PERSONAL
Nombre de persona Alzola, Francisco.
9 (RLIN) 21060
852 ## - LOCALIZACIÓN
Ubicación ES-MaACL
Número de control de estantería C-42538
Sublocalización o colección R.74126
Holdings
Estatus retirado Estado de pérdida Estado de daño No para préstamo Biblioteca de origen Biblioteca actual Ubicación en estantería Fecha de adquisición Fuente de adquisición Total de préstamos Signatura topográfica completa Código de barras Visto por última vez Precio de reemplazo Tipo de ítem Koha
        Biblioteca del Ateneo de Madrid Biblioteca del Ateneo de Madrid Depósito 2 17/01/2008     C-42538 1064547 23/02/2023 23/02/2023 Libro impreso